000 00511nam a22001697a 4500
005 20251108172933.0
008 250721s1998 xx 000 0 ara d
082 1 4 _aم/150.3/يوس
100 1 _aاسعد، يوسف ميخائيل
245 1 0 _aقاموس علم النفس /
264 1 _aالقاهرة :
_bدار غريب للطباعة و النشر و التوزيع،
_c1998.
300 _a160ص
650 1 7 _aعلم النفس
650 1 7 _aالقواميس
942 _2ddc
_cREF
999 _c92265
_d92265